[Event "Bremen-ch op"]
[Site "Bremen"]
[Date "2018.03.31"]
[Round "9"]
[White "Meyer, Thorsten1"]
[Black "Nesse, David"]
[Result "1-0"]
[WhiteElo "1987"]
[BlackElo "1724"]
[PlyCount "107"]
[EventDate "2018.03.24"]
[EventType "swiss"]
[EventRounds "9"]
[EventCountry "GER"]
[SourceTitle "OM OTB B 201907"]
[Source "Opening Master"]
[SourceDate "2019.07.06"]
[SourceVersion "2"]
[SourceVersionDate "2019.07.06"]
[SourceQuality "1"]

1. e4 c5 2. Nf3 Nc6 3. d4 cxd4 4. Nxd4 Nf6 5. Nc3 d6 6. Be2 e5 7. Nb3 Be7 8. f3
O-O 9. Be3 Be6 10. Qd2 a5 11. Rd1 a4 12. Nc1 a3 13. b3 Nb4 14. Na4 d5 15. c3
Nc6 16. Nb6 d4 17. Nxa8 Qxa8 18. Bg5 dxc3 19. Qe3 Qa5 20. Bxf6 gxf6 21. Kf1 Bc5
22. Qh6 Qb6 23. Qxf6 Be3 24. h4 Nd4 25. Qxe5 f6 26. Qg3+ Kh8 27. Qe1 Rc8 28.
Rd3 Nc2 29. Qd1 Bxc1 30. Qxc1 Bxb3 31. g4 Ba4 32. Kg2 Qb2 33. Qh6 Qb6 34. Rxc3
Rg8 35. Rc1 Qd4 36. R1xc2 Bxc2 37. Rxc2 Qd6 38. Rd2 Qe6 39. Qf4 Re8 40. Bd1 Qe7
41. Bb3 Qe5 42. Qxe5 fxe5 43. Rd7 Rb8 44. Re7 Rd8 45. Rxb7 h5 46. g5 Rd2+ 47.
Kf1 Rf2+ 48. Ke1 Rf1+ 49. Kd2 Rf2+ 50. Kc3 Rxf3+ 51. Kb4 Rf4 52. Kxa3 Rxe4 53.
g6 Rg4 54. Rh7# 1-0

[Event "GRE-chT Schools Lykeia 16th"]
[Site "Peristeri"]
[Date "2018.03.31"]
[Round "1.1"]
[White "Gavriilidis, Giorgos"]
[Black "Alexakis, Georgios"]
[Result "0-1"]
[WhiteElo "1502"]
[BlackElo "2098"]
[PlyCount "112"]
[EventDate "2018.03.31"]
[EventType "team-swiss (rapid)"]
[EventRounds "6"]
[EventCountry "GRE"]
[SourceTitle "OM OTB B 201907"]
[Source "Opening Master"]
[SourceDate "2019.07.06"]
[SourceVersion "2"]
[SourceVersionDate "2019.07.06"]
[SourceQuality "1"]

1. e4 c5 2. Nf3 Nc6 3. d4 cxd4 4. Nxd4 Nf6 5. Nc3 d6 6. Be2 e5 7. Nb3 Be6 8. f3
Be7 9. Be3 O-O 10. Qd2 a6 11. O-O-O b5 12. g4 Na5 13. g5 Nxb3+ 14. cxb3 Nd7 15.
Nd5 Bxd5 16. exd5 Qc8+ 17. Kb1 Qb7 18. Rhg1 a5 19. Rg4 b4 20. h4 Bd8 21. h5 Bb6
22. Bxb6 Qxb6 23. g6 fxg6 24. hxg6 Nf6 25. gxh7+ Kh8 26. Rg2 a4 27. Rdg1 Rf7
28. bxa4 Rxa4 29. Rxg7 Rxg7 30. Rxg7 Kxg7 31. Qg5+ Kxh7 32. Qxf6 Qg1+ 33. Kc2
Qc5+ 34. Kb1 Ra7 35. Bd3+ Kg8 36. Qg6+ Kf8 37. Qf6+ Ke8 38. Bg6+ Kd7 39. Qf7+
Kd8 40. Qe8+ Kc7 41. Bf5 Qg1+ 42. Kc2 Qf2+ 43. Kb1 Qe1+ 44. Kc2 Qe2+ 45. Kc1
Qe3+ 46. Kc2 b3+ 47. axb3 Qe2+ 48. Kc3 Qxf3+ 49. Bd3 Qxd5 50. Qe7+ Kb6 51. Qd8+
Rc7+ 52. Kd2 Qg2+ 53. Be2 Qd5+ 54. Bd3 e4 55. Qb8+ Rb7 56. Qd8+ Ka7 0-1

[Event "LXIV Mexican Open 2018"]
[Site "Aguascalientes MEX"]
[Date "2018.03.27"]
[Round "1.5"]
[White "Quiroga Garza, Juan Manuel"]
[Black "Obregon Rivero, J."]
[Result "0-1"]
[WhiteElo "1988"]
[BlackElo "2507"]
[PlyCount "84"]
[EventDate "2018.03.27"]
[SourceTitle "OM OTB B 201907"]
[Source "Opening Master"]
[SourceDate "2019.07.06"]
[SourceVersion "2"]
[SourceVersionDate "2019.07.06"]
[SourceQuality "1"]

1. e4 c5 2. Nf3 d6 3. d4 cxd4 4. Nxd4 Nf6 5. Nc3 Nc6 6. Be2 e5 7. Nb3 Be7 8.
O-O O-O 9. Be3 Be6 10. Bf3 a5 11. Nd5 Bxd5 12. exd5 Nb4 13. a3 Na6 14. c4 Nd7
15. c5 Ndxc5 16. Nxc5 Nxc5 17. b4 Nd7 18. bxa5 Bg5 19. Bxg5 Qxg5 20. Rb1 Nc5
21. Rb6 e4 22. Be2 Qe5 23. a6 bxa6 24. Qa1 Qxa1 25. Rxa1 Rfd8 26. Rab1 Kf8 27.
Rc6 Ke7 28. Kf1 Rdc8 29. Rbb6 Rxc6 30. Rxc6 Rb8 31. Bxa6 Rb3 32. Bc4 Rxa3 33.
Bb5 Ra7 34. Ke2 Rb7 35. Ba6 Rb2+ 36. Ke3 f5 37. Bc8 f4+ 38. Kxf4 Rxf2+ 39. Ke3
Rxg2 40. h3 Rg3+ 41. Ke2 Rd3 42. Bf5 Rxd5 0-1

[Event "11th Montalvo Mem 2018"]
[Site "Las Palmas ESP"]
[Date "2018.03.26"]
[Round "4.40"]
[White "Farina Vidal, Carlos"]
[Black "Perez Bolanos, Joel"]
[Result "0-1"]
[WhiteElo "1354"]
[BlackElo "1683"]
[PlyCount "70"]
[EventDate "2018.03.24"]
[EventType "swiss"]
[EventRounds "9"]
[EventCountry "ESP"]
[SourceTitle "The Week in Chess 1221"]
[Source "Mark Crowther"]
[SourceDate "2018.04.02"]
[SourceVersion "1"]
[SourceVersionDate "2018.04.02"]
[SourceQuality "2"]

1. e4 c5 2. Nf3 d6 3. d4 cxd4 4. Nxd4 Nf6 5. Nc3 Nc6 6. Be2 e5 7. Nb3 Be6 8.
Bg5 Be7 9. Bxf6 gxf6 10. Nd5 Qd7 11. Qd2 O-O-O 12. Na5 Bxd5 13. exd5 Nxa5 14.
Qxa5 Kb8 15. b4 Rc8 16. c4 Bd8 17. Qa3 Bb6 18. O-O Rhg8 19. Qb3 Rg7 20. Kh1
Rcg8 21. Bf3 f5 22. g3 e4 23. Bh5 f4 24. g4 f5 25. h3 fxg4 26. Kh2 g3+ 27. Kg2
f3+ 28. Bxf3 exf3+ 29. Qxf3 gxf2+ 30. Kh2 Rg2+ 31. Qxg2 Rxg2+ 32. Kxg2 Qg7+ 33.
Kh2 Bd4 34. Rad1 Be5+ 35. Kh1 Qg3 0-1

[Event "AUT-ch U16"]
[Site "St Veit"]
[Date "2018.03.25"]
[Round "1"]
[White "Schmidt, Florian1"]
[Black "Schernthaner, David"]
[Result "0-1"]
[WhiteElo "1720"]
[BlackElo "1937"]
[PlyCount "86"]
[EventDate "2018.03.25"]
[EventType "swiss"]
[EventRounds "7"]
[EventCountry "AUT"]
[SourceTitle "OM OTB B 201907"]
[Source "Opening Master"]
[SourceDate "2019.07.06"]
[SourceVersion "2"]
[SourceVersionDate "2019.07.06"]
[SourceQuality "1"]

1. e4 c5 2. Nf3 d6 3. d4 Nf6 4. Nc3 cxd4 5. Nxd4 Nc6 6. Be2 e5 7. Nb3 Be7 8.
O-O O-O 9. f4 exf4 10. Bxf4 a6 11. Kh1 Ne5 12. Qe1 b5 13. Rd1 Qc7 14. Qg3 Bb7
15. Nd5 Nxd5 16. exd5 Ng6 17. Nd4 Bh4 18. Qf3 Nxf4 19. Qxf4 Bf6 20. Nf5 Be5 21.
Qg4 g6 22. Rf3 Kh8 23. Ne3 Bxb2 24. Qb4 Bc3 25. Qh4 Rae8 26. Rh3 f5 27. Qh6 Qg7
28. Qf4 Re4 29. Qxd6 f4 30. Rf1 Bb4 31. Qb6 Rxe3 32. Rxe3 fxe3 33. Rd1 Bd2 34.
d6 Qd7 35. c4 Qc6 36. Qd4+ Kg8 37. Rg1 Rd8 38. cxb5 axb5 39. Bd1 Qxd6 40. Qg4
Bd5 41. Rf1 Rf8 42. Rg1 Bxa2 43. Bc2 b4 0-1

[Event "St Petersburg-ch (Women)"]
[Site "St Petersburg"]
[Date "2018.03.22"]
[Round "4"]
[White "Azimova, Karina"]
[Black "Shakirova, Renata"]
[Result "0-1"]
[WhiteElo "2094"]
[BlackElo "1923"]
[PlyCount "56"]
[EventDate "2018.03.19"]
[EventType "swiss"]
[EventRounds "9"]
[EventCountry "RUS"]
[SourceTitle "OM OTB B 201907"]
[Source "Opening Master"]
[SourceDate "2019.07.06"]
[SourceVersion "2"]
[SourceVersionDate "2019.07.06"]
[SourceQuality "1"]

1. e4 c5 2. Nc3 Nc6 3. Nge2 d6 4. d4 cxd4 5. Nxd4 Nf6 6. Be2 e5 7. Nxc6 bxc6 8.
O-O Be7 9. f4 Qb6+ 10. Kh1 Qd4 11. Bd3 d5 12. fxe5 Ng4 13. Qf3 Nxe5 14. Qf4
Nxd3 15. cxd3 Be6 16. Be3 Qb4 17. Qg3 d4 18. Qxg7 O-O-O 19. Bf4 Rhg8 20. Qxh7
dxc3 21. bxc3 Qb2 22. Rg1 Rxg2 23. Rab1 Qf2 24. Rb8+ Kd7 25. Rb7+ Ke8 26. Qh8+
Bf8 27. Qh5 Rg4 28. Bg3 Qf3+ 0-1

[Event "COL-ch sf"]
[Site "Medellin"]
[Date "2018.03.16"]
[Round "5"]
[White "Dominguez, Ramiro"]
[Black "Castaneda, Jhon David"]
[Result "1-0"]
[WhiteElo "2242"]
[BlackElo "2234"]
[PlyCount "81"]
[EventDate "2018.03.14"]
[EventType "swiss"]
[EventRounds "10"]
[EventCountry "COL"]
[SourceTitle "OM OTB B 201907"]
[Source "Opening Master"]
[SourceDate "2019.07.06"]
[SourceVersion "2"]
[SourceVersionDate "2019.07.06"]
[SourceQuality "1"]

1. e4 c5 2. Ne2 Nc6 3. Nbc3 d6 4. d4 cxd4 5. Nxd4 Nf6 6. Be2 e5 7. Nf3 h6 8.
O-O Be6 9. h3 Be7 10. Re1 O-O 11. Bf1 Qa5 12. Bd2 Qb6 13. Na4 Qc7 14. c4 Rac8
15. Rc1 Qb8 16. Nc3 a6 17. Nd5 Bd8 18. a4 a5 19. b3 Nd7 20. Bd3 Bb6 21. Nh4 Bd8
22. Nf5 Nf6 23. g4 Bxf5 24. gxf5 Nxd5 25. exd5 Nb4 26. Be4 Re8 27. Rc3 Kf8 28.
Rg3 Bf6 29. Kh2 Qa7 30. Be3 b6 31. Reg1 Na6 32. Qh5 Ke7 33. Rxg7 Bxg7 34. Rxg7
Rf8 35. f6+ Kd8 36. Bf5 Rb8 37. Bxh6 b5 38. Be3 Nc5 39. axb5 Rb7 40. Rh7 Qb6
41. Rh8 1-0

[Event "Guanabara CC/TTC op 1st"]
[Site "Rio de Janeiro"]
[Date "2018.03.11"]
[Round "5"]
[White "Da Silva, Claudio Oliveira"]
[Black "Teixeira, Ricardo da Silva"]
[Result "0-1"]
[WhiteElo "1769"]
[BlackElo "2253"]
[PlyCount "50"]
[EventDate "2018.03.03"]
[EventType "swiss"]
[EventRounds "6"]
[EventCountry "BRA"]
[SourceTitle "OM OTB B 201907"]
[Source "Opening Master"]
[SourceDate "2019.07.06"]
[SourceVersion "2"]
[SourceVersionDate "2019.07.06"]
[SourceQuality "1"]

1. e4 c5 2. Nf3 d6 3. d4 cxd4 4. Nxd4 Nf6 5. Nc3 Nc6 6. Be2 e5 7. Nf3 h6 8. O-O
Be7 9. Re1 Be6 10. Bb5 O-O 11. Ba4 Rc8 12. Bb3 a6 13. Nd5 Bxd5 14. Bxd5 Nxd5
15. exd5 Nb8 16. Qe2 Qc7 17. c3 Nd7 18. Nd4 exd4 19. Bxh6 Bf6 20. Qg4 Ne5 21.
Qg3 Ng6 22. f4 Bh4 23. Qg4 Bxe1 24. f5 Rce8 25. fxg6 f5 0-1

[Event "Sabadell Coral Colon op 12th"]
[Site "Sabadell"]
[Date "2018.03.09"]
[Round "5"]
[White "Cruz, Jefferson"]
[Black "Carbo Hors, David"]
[Result "1-0"]
[WhiteElo "1923"]
[BlackElo "1773"]
[PlyCount "97"]
[EventDate "2018.02.09"]
[EventType "swiss"]
[EventRounds "9"]
[EventCountry "ESP"]
[SourceTitle "OM OTB B 201907"]
[Source "Opening Master"]
[SourceDate "2019.07.06"]
[SourceVersion "2"]
[SourceVersionDate "2019.07.06"]
[SourceQuality "1"]

1. e4 c5 2. Nf3 Nc6 3. d4 cxd4 4. Nxd4 d6 5. Nc3 Nf6 6. Be2 e5 7. Nb3 Be7 8.
Bg5 Be6 9. Bxf6 Bxf6 10. O-O O-O 11. Nd5 Kh8 12. c3 Bg5 13. a4 f5 14. exf5 Bxf5
15. Nd2 e4 16. Nc4 Ne5 17. Nce3 Be6 18. Qd4 Bxe3 19. fxe3 Nf3+ 20. Bxf3 exf3
21. Nf4 fxg2 22. Rf2 Qd7 23. Rxg2 Rf6 24. Nh5 Rg6 25. Rxg6 hxg6 26. Nf4 Bf7 27.
Ng2 Qe7 28. Rd1 Re8 29. Qxd6 Qe4 30. Qf4 Bb3 31. Qxe4 Rxe4 32. Rd4 Rxd4 33.
cxd4 Bxa4 34. e4 Kg8 35. Kf2 Kf7 36. Ke3 Bd7 37. d5 Kf6 38. Kd4 a5 39. Ne3 b6
40. Nc4 Bb5 41. e5+ Ke7 42. Nxb6 Be8 43. Nc4 a4 44. h4 Bb5 45. Ne3 Be2 46. Ng2
Bg4 47. Nf4 Bf5 48. Kc5 Kd7 49. e6+ 1-0

[Event "Tourn. n9670"]
[Site "www.chess-mail.com"]
[Date "2018.03.02"]
[Round "1"]
[White "Apdash"]
[Black "Seger"]
[Result "0-1"]
[WhiteElo "2280"]
[BlackElo "2780"]
[PlyCount "54"]
[EventDate "2018.??.??"]

1. e4 c5 2. Nf3 Nc6 3. d4 cxd4 4. Nxd4 Nf6 5. Nc3 d6 6. Be2 e5 7. Nb3 Be7 8.
Be3 Be6 9. O-O O-O 10. f4 exf4 11. Bxf4 d5 12. exd5 Nxd5 13. Nxd5 Bxd5 14. c4
Be4 15. Qxd8 Raxd8 16. Be3 Rfe8 17. Bf3 Bf6 18. Bxe4 Rxe4 19. Bf2 Rxc4 20. Rad1
Rxd1 21. Rxd1 Rc2 22. Rd7 b6 23. Rc7 Kf8 24. Bg3 Ke8 25. Kf1 Bd8 26. Rc8 Kd7
27. Ra8 Rxb2 0-1

[Event "PRO League Stage"]
[Site "chess.com INT"]
[Date "2018.02.24"]
[Round "7"]
[White "Bonnafous, Michel"]
[Black "Song, Edward"]
[Result "0-1"]
[WhiteElo "1958"]
[BlackElo "2319"]
[PlyCount "70"]
[EventDate "2018.01.18"]
[EventType "team-swiss (rapid)"]
[EventRounds "9"]
[EventCountry "USA"]
[SourceTitle "OM OTB B 201907"]
[Source "Opening Master"]
[SourceDate "2019.07.06"]
[SourceVersion "2"]
[SourceVersionDate "2019.07.06"]
[SourceQuality "1"]
[WhiteTeam "Marseille Migraines"]
[BlackTeam "Pittsburgh Pawngrabbers"]
[WhiteTeamCountry "FRA"]
[BlackTeamCountry "USA"]

1. e4 c5 2. Nf3 Nc6 3. d4 cxd4 4. Nxd4 Nf6 5. Nc3 d6 6. Be2 e5 7. Nb3 Be7 8.
O-O O-O 9. f4 a5 10. a4 Nb4 11. Be3 Be6 12. Nd2 exf4 13. Rxf4 d5 14. e5 Nd7 15.
Bd4 Nc6 16. Nf3 g5 17. Rf6 Nxd4 18. Nxd4 Nxf6 19. exf6 Bxf6 20. Qd2 Qb6 21.
Ncb5 Bf5 22. c3 Be4 23. Rf1 h6 24. Bg4 Rae8 25. Qf2 Bg7 26. Bf5 Re5 27. g4 Bxf5
28. gxf5 Bf6 29. Qf3 Re4 30. Qg2 Rfe8 31. Rd1 Re1+ 32. Rxe1 Rxe1+ 33. Kf2 Re4
34. Qg3 Bxd4+ 35. cxd4 Qf6 0-1

[Event "57th ch-BRA Women 2018"]
[Site "Rio de Janeiro BRA"]
[Date "2018.02.21"]
[Round "7.2"]
[White "Ichimura G. Barbosa, Larissa Y."]
[Black "Melo, Gabrieli De"]
[Result "0-1"]
[WhiteElo "1934"]
[BlackElo "1633"]
[PlyCount "46"]
[EventDate "2018.02.17"]
[EventType "tourn"]
[EventRounds "9"]
[EventCountry "BRA"]
[SourceTitle "The Week in Chess 1216"]
[Source "Mark Crowther"]
[SourceDate "2018.02.26"]
[SourceVersion "1"]
[SourceVersionDate "2018.02.26"]
[SourceQuality "2"]

1. e4 c5 2. Nf3 Nc6 3. d4 cxd4 4. Nxd4 Nf6 5. Nc3 d6 6. Be2 e5 7. Nb3 Be7 8.
O-O O-O 9. Be3 Be6 10. Bf3 a5 11. Nd5 a4 12. Nd2 Bxd5 13. exd5 Nb4 14. c4 Nd7
15. a3 Nd3 16. Qc2 N3c5 17. Bg4 Bg5 18. Bxd7 Bxe3 19. fxe3 Qxd7 20. Rf3 f5 21.
e4 fxe4 22. Rxf8+ Rxf8 23. Nxe4 Qf5 0-1

[Event "Tambov Region-ch"]
[Site "Tambov"]
[Date "2018.02.21"]
[Round "1"]
[White "Dikov, Alexander I"]
[Black "Zakharov, Timofey V"]
[Result "1-0"]
[WhiteElo "1895"]
[BlackElo "1387"]
[PlyCount "57"]
[EventDate "2018.02.21"]
[EventType "swiss"]
[EventRounds "9"]
[EventCountry "RUS"]
[SourceTitle "OM OTB B 201907"]
[Source "Opening Master"]
[SourceDate "2019.07.06"]
[SourceVersion "2"]
[SourceVersionDate "2019.07.06"]
[SourceQuality "1"]

1. e4 c5 2. Nf3 Nc6 3. Nc3 d6 4. d4 cxd4 5. Nxd4 Nf6 6. Be2 e5 7. Nb3 a6 8. a4
Be6 9. Be3 Be7 10. Bf3 O-O 11. O-O Rc8 12. Nd5 Bxd5 13. exd5 Na5 14. Nd2 Nc4
15. Nxc4 Rxc4 16. b3 Rc8 17. a5 Nd7 18. g4 Bg5 19. Qe2 Bxe3 20. fxe3 f5 21. Bg2
fxg4 22. Qxg4 Rxf1+ 23. Rxf1 Nf6 24. Rxf6 Rxc2 25. Rf1 h6 26. Qe6+ Kh8 27. Qg6
Rb2 28. Be4 Qg5+ 29. Qxg5 1-0

[Event "Santo Domingo Independencia op"]
[Site "Santo Domingo"]
[Date "2018.02.17"]
[Round "3"]
[White "Del Rosario Moreno, Carlos"]
[Black "Abreu Jean, Carlos Paul"]
[Result "0-1"]
[WhiteElo "2119"]
[BlackElo "2314"]
[PlyCount "88"]
[EventDate "2018.02.16"]
[EventType "swiss"]
[EventRounds "8"]
[EventCountry "DOM"]
[SourceTitle "OM OTB B 201907"]
[Source "Opening Master"]
[SourceDate "2019.07.06"]
[SourceVersion "2"]
[SourceVersionDate "2019.07.06"]
[SourceQuality "1"]

1. e4 c5 2. Nf3 Nc6 3. Nc3 Nf6 4. d4 cxd4 5. Nxd4 d6 6. Be2 e5 7. Nb3 Be7 8.
O-O O-O 9. Nd2 Be6 10. Nc4 d5 11. exd5 Nxd5 12. Nxd5 Bxd5 13. c3 Be6 14. Qxd8
Rfxd8 15. Be3 Rd7 16. Rfd1 Rad8 17. Rxd7 Rxd7 18. Kf1 f5 19. a4 g5 20. b4 f4
21. Bd2 e4 22. Ke1 Bf6 23. Rc1 Ne7 24. a5 Nd5 25. Bd1 Rc7 26. Nd6 e3 27. fxe3
fxe3 28. Bxe3 Nxe3 29. Bf3 Rxc3 30. Rxc3 Bxc3+ 31. Ke2 Nc4 32. Nxb7 Bxb4 33.
Nd8 g4 34. Ba8 Bd7 35. Bd5+ Kf8 36. Bxc4 Bxa5 37. Ne6+ Ke7 38. Nc5 Bc8 39. Ne4
h6 40. Kf2 Bb4 41. Kg3 a5 42. Nf2 Be1 43. h3 gxh3 44. gxh3 Bb7 0-1

[Event "Saint Louis Winter IM"]
[Site "Saint Louis"]
[Date "2018.02.11"]
[Round "6"]
[White "Stearman, Josiah P"]
[Black "Jacobson, Brandon"]
[Result "1-0"]
[WhiteElo "2335"]
[BlackElo "2351"]
[PlyCount "179"]
[EventDate "2018.02.08"]
[EventType "tourn"]
[EventRounds "9"]
[EventCountry "USA"]
[EventCategory "4"]
[SourceTitle "OM OTB B 201907"]
[Source "Opening Master"]
[SourceDate "2019.07.06"]
[SourceVersion "2"]
[SourceVersionDate "2019.07.06"]
[SourceQuality "1"]

1. e4 c5 2. Nc3 d6 3. Nge2 Nc6 4. d4 cxd4 5. Nxd4 Nf6 6. Be2 e5 7. Nb3 Be7 8.
O-O O-O 9. Bg5 Be6 10. Nd2 Nxe4 11. Ndxe4 Bxg5 12. Nxg5 Qxg5 13. Qxd6 Rfd8 14.
Qc5 Nd4 15. f4 Nxe2+ 16. Nxe2 Qg4 17. Qxe5 f6 18. h3 fxe5 19. hxg4 Bc4 20. Rf2
e4 21. Re1 e3 22. Rf3 Rd2 23. Rxe3 Rxc2 24. b3 Bf7 25. f5 Rxa2 26. Nf4 h6 27.
Re7 h5 28. g5 Rf8 29. Rxb7 Bxb3 30. Rxb3 Rxf5 31. Ne6 Rff2 32. Rb8+ Kh7 33.
Nf8+ Kg8 34. Ng6+ Kh7 35. Nh4 Rf4 36. Rh8+ Kxh8 37. Ng6+ Kh7 38. Nxf4 Ra5 39.
Nh3 Kg6 40. Re6+ Kf5 41. Re7 g6 42. Rf7+ Kg4 43. Rf4+ Kg3 44. Rf3+ Kg4 45. Kh2
h4 46. Rc3 Ra2 47. Rc5 Ra4 48. Ng1 a5 49. Nf3 h3 50. Ne5+ Kxg5 51. Kxh3 Ra3+
52. g3 Kh6 53. Kg4 Ra4+ 54. Nc4 Rb4 55. Kf3 a4 56. Ne5 Rb3+ 57. Kg4 Rb4+ 58.
Kh3 Re4 59. Ra5 Rd4 60. Ng4+ Kg7 61. Ra7+ Kf8 62. Kh4 a3 63. Rxa3 Kf7 64. Ra7+
Ke6 65. Kg5 Rd3 66. Ra6+ Ke7 67. Kh4 g5+ 68. Kh3 Rd2 69. Ra5 Ke6 70. Rxg5 Rd8
71. Re5+ Kf7 72. Ne3 Kf6 73. Re4 Rh8+ 74. Kg4 Rg8+ 75. Kf4 Rf8 76. g4 Ra8 77.
g5+ Kg6 78. Re6+ Kf7 79. Rb6 Ra4+ 80. Ke5 Ra5+ 81. Nd5 Ra1 82. g6+ Kg7 83. Nf4
Ra5+ 84. Ke4 Ra4+ 85. Kf3 Ra3+ 86. Kg4 Ra1 87. Rb7+ Kg8 88. Kg5 Ra8 89. Nd5 Ra5
90. Kh6 1-0

[Event "Montevideo Duchamp Memorial op 2nd"]
[Site "Montevideo"]
[Date "2018.02.08"]
[Round "9"]
[White "Lujan, Carolina"]
[Black "Larrea, Manuel"]
[Result "1/2-1/2"]
[WhiteElo "2365"]
[BlackElo "2290"]
[PlyCount "155"]
[EventDate "2018.02.02"]
[EventType "swiss"]
[EventRounds "9"]
[EventCountry "URU"]
[SourceTitle "OM OTB B 201907"]
[Source "Opening Master"]
[SourceDate "2019.07.06"]
[SourceVersion "2"]
[SourceVersionDate "2019.07.06"]
[SourceQuality "1"]

1. e4 c5 2. Nf3 Nc6 3. d4 cxd4 4. Nxd4 Nf6 5. Nc3 d6 6. Be2 e5 7. Nf3 h6 8. O-O
Be7 9. Re1 O-O 10. h3 Be6 11. Bf1 Qd7 12. b3 Bd8 13. Ba3 Ba5 14. Nd5 Bxe1 15.
Nxf6+ gxf6 16. Qxe1 Rfd8 17. Qe3 Kg7 18. Rd1 Qc7 19. Nh4 Ne7 20. Bc1 Rh8 21. c4
b6 22. Qg3+ Kh7 23. Qe3 Kg7 24. Qg3+ Kh7 25. Qf3 Kg7 26. Ba3 Rad8 27. Qh5 Rh7
28. Rd3 Kh8 29. Qf3 Kg7 30. Qh5 Kh8 31. Qd1 Nc8 32. f4 exf4 33. Bb2 Qc5+ 34.
Kh2 Qg5 35. Qa1 Kg7 36. g3 Ne7 37. Ng2 f3 38. Rxf3 Ng8 39. h4 Qg6 40. Nf4 Qxe4
41. Bxf6+ Nxf6 42. Nh5+ Kf8 43. Qxf6 Re8 44. Bd3 Qg4 45. Bxh7 Qxh5 46. Rf2 Qg4
47. Qxh6+ Ke7 48. Qf4 Qg7 49. Be4 Rg8 50. Bg2 Qe5 51. Rf3 Rg4 52. Qxe5 dxe5 53.
Re3 Kd6 54. Bf3 Rg6 55. Rd3+ Ke7 56. Bd5 f5 57. Bxe6 Kxe6 58. Rd8 f4 59. gxf4
exf4 60. Rd5 f3 61. Rg5 Rf6 62. Kg1 f2+ 63. Kf1 Rf4 64. Rg7 a5 65. Rg6+ Kd7 66.
Rxb6 Rxh4 67. Ra6 Rh1+ 68. Kxf2 Rh2+ 69. Ke3 Rxa2 70. Kd4 Kc7 71. Kc5 Rb2 72.
Ra7+ Kb8 73. Rxa5 Rxb3 74. Kc6 Rh3 75. Rd5 Kc8 76. Rd6 Rh7 77. c5 Rc7+ 78. Kd5
1/2-1/2

[Event "Paracin Winter op"]
[Site "Paracin"]
[Date "2018.02.04"]
[Round "8"]
[White "Micanovic, Zoran"]
[Black "Simic, Petar S"]
[Result "0-1"]
[WhiteElo "1810"]
[BlackElo "2023"]
[PlyCount "34"]
[EventDate "2018.01.30"]
[EventType "swiss"]
[EventRounds "9"]
[EventCountry "SRB"]
[SourceTitle "OM OTB B 201907"]
[Source "Opening Master"]
[SourceDate "2019.07.06"]
[SourceVersion "2"]
[SourceVersionDate "2019.07.06"]
[SourceQuality "1"]

1. e4 c5 2. Nf3 Nc6 3. d4 cxd4 4. Nxd4 Nf6 5. Nc3 d6 6. Be2 e5 7. Nb3 Be7 8.
Bg5 Be6 9. O-O O-O 10. Qd2 a5 11. Bb5 Na7 12. Bxf6 Bxf6 13. Rad1 Nxb5 14. Nxb5
Bc4 15. Nxd6 Bxf1 16. Kxf1 Qb6 17. c4 a4 0-1

[Event "Lisbon Portugal op"]
[Site "Lisbon"]
[Date "2018.02.03"]
[Round "1"]
[White "Skalli, Taoufik"]
[Black "Klasan, Vladimir"]
[Result "0-1"]
[WhiteElo "1858"]
[BlackElo "2381"]
[PlyCount "66"]
[EventDate "2018.02.03"]
[EventType "swiss"]
[EventRounds "9"]
[EventCountry "POR"]
[SourceTitle "OM OTB B 201907"]
[Source "Opening Master"]
[SourceDate "2019.07.06"]
[SourceVersion "2"]
[SourceVersionDate "2019.07.06"]
[SourceQuality "1"]

1. e4 c5 2. Nf3 d6 3. d4 cxd4 4. Nxd4 Nf6 5. Nc3 Nc6 6. Be2 e5 7. Nf3 h6 8. O-O
Be7 9. Re1 O-O 10. Be3 Be6 11. a3 Rc8 12. Nd2 d5 13. exd5 Nxd5 14. Nxd5 Bxd5
15. c4 Be6 16. b4 a5 17. b5 Nd4 18. Bxd4 Qxd4 19. Bf3 Rcd8 20. Nf1 Qxc4 21. Qb1
b6 22. Ne3 Qf4 23. Be4 Rd2 24. Bf3 Bc5 25. Nd1 Bd4 26. Re4 Qg5 27. h4 Qd8 28.
Ne3 f5 29. Rxd4 Qxd4 30. Qe1 f4 31. Nf1 Rxf2 32. Qxf2 Qxa1 33. Qxb6 Bc4 0-1

[Event "FICS rated blitz game"]
[Site "FICS freechess.org"]
[Date "2018.01.31"]
[Round "?"]
[White "Kiabou"]
[Black "Aguas"]
[Result "1-0"]
[WhiteElo "1753"]
[BlackElo "1801"]
[PlyCount "33"]
[EventDate "2018.??.??"]
[EventType "blitz"]

1. e4 c5 2. Nf3 Nc6 3. d4 cxd4 4. Nxd4 Nf6 5. Nc3 d6 6. Be2 e5 7. Nf3 h6 8. O-O
Be7 9. Re1 O-O 10. h3 Re8 11. Bf1 Bf8 12. Nd5 Be6 13. c4 g6 14. a3 a5 15. b3
Kh7 16. Be3 Nxe4 17. Bb6 1-0

[Event "FICS rated blitz game"]
[Site "FICS freechess.org"]
[Date "2018.01.30"]
[Round "?"]
[White "SicilianLove"]
[Black "Roberto"]
[Result "1-0"]
[WhiteElo "1815"]
[BlackElo "1531"]
[PlyCount "31"]
[EventDate "2018.??.??"]
[EventType "blitz"]

1. e4 c5 2. Nf3 Nc6 3. Nc3 d6 4. d4 cxd4 5. Nxd4 Nf6 6. Be2 e5 7. Nf3 Be7 8.
O-O h6 9. h3 O-O 10. Be3 a6 11. a4 Rb8 12. Qd2 Kh7 13. Rad1 Be6 14. Nd5 Bxd5
15. exd5 Na7 16. Bxa7 1-0

[Event "FICS rated lightning game"]
[Site "FICS freechess.org"]
[Date "2018.01.29"]
[Round "?"]
[White "IFDTitan"]
[Black "Tabacman"]
[Result "0-1"]
[WhiteElo "1636"]
[BlackElo "1513"]
[PlyCount "120"]
[EventDate "2018.??.??"]

1. e4 c5 2. Nf3 d6 3. d4 cxd4 4. Nxd4 Nf6 5. Nc3 Nc6 6. Be2 e5 7. Nxc6 bxc6 8.
g4 Be7 9. g5 Nd7 10. O-O Nc5 11. b4 Ne6 12. h4 O-O 13. Bg4 Nd4 14. Bxc8 Rxc8
15. Be3 a6 16. Bxd4 exd4 17. Qxd4 c5 18. bxc5 dxc5 19. Qd5 Qc7 20. Qc4 Rfd8 21.
Nd5 Qd6 22. Rfd1 Qe5 23. f4 Qe6 24. Nxe7+ Qxe7 25. Rab1 h6 26. g6 Rxd1+ 27.
Rxd1 Rc7 28. gxf7+ Qxf7 29. Rd8+ Kh7 30. Qxf7 Rxf7 31. f5 Re7 32. f6 gxf6 33.
c3 Rxe4 34. Rd7+ Kg6 35. h5+ Kxh5 36. Rd5+ Re5 37. Rxe5+ fxe5 38. Kf2 Kg4 39.
Kg2 Kf4 40. Kg1 Ke3 41. a4 Kd3 42. Kf1 Kxc3 43. Kf2 Kb4 44. a5 Kxa5 45. Ke3 Kb4
46. Ke4 c4 47. Kxe5 c3 48. Kd5 c2 49. Kd4 c1=Q 50. Ke4 Qd2 51. Ke5 Qd3 52. Kf4
Qe2 53. Kf5 Qe3 54. Kg4 Qf2 55. Kh5 Qg3 56. Kxh6 Kc5 57. Kh5 Kd5 58. Kh6 Ke6
59. Kh7 Kf7 60. Kh8 Qh4# 0-1

[Event "FICS rated lightning game"]
[Site "FICS freechess.org"]
[Date "2018.01.28"]
[Round "?"]
[White "TurkishTickler"]
[Black "LittleLurking"]
[Result "1-0"]
[WhiteElo "2168"]
[BlackElo "1969"]
[PlyCount "81"]
[EventDate "2018.??.??"]

1. e4 c5 2. Nc3 Nc6 3. Nf3 d6 4. d4 cxd4 5. Nxd4 Nf6 6. Be2 e5 7. Nxc6 bxc6 8.
O-O d5 9. exd5 Nxd5 10. Bf3 Nb4 11. a3 Qxd1 12. Rxd1 Nd5 13. Nxd5 cxd5 14. Bxd5
Bg4 15. f3 Rc8 16. fxg4 h5 17. g5 Rxc2 18. g6 fxg6 19. Be4 Bc5+ 20. Kh1 Rc4 21.
Bxg6+ Ke7 22. Bg5+ Ke6 23. b4 Bf2 24. Rac1 Rxc1 25. Rxc1 a5 26. Rc6+ Kd5 27. b5
e4 28. Bf7+ Kd4 29. Rd6+ Kc5 30. Rd5+ Kb6 31. Re5 Bc5 32. a4 Rf8 33. Bc4 Ba3
34. Rxe4 Rh8 35. h4 Bb4 36. Re6+ Ka7 37. Ra6+ Kb7 38. Bf4 Rc8 39. Bd5+ Rc6 40.
Bxc6+ Kc8 41. Ra8# 1-0